High on a hill / (Record no. 31079)

MARC details
000 -LEADER
fixed length control field 01516nam a2200337Ki 4500
001 - CONTROL NUMBER
control field 50816706
003 - CONTROL NUMBER IDENTIFIER
control field OCoLC
005 - DATE AND TIME OF LATEST TRANSACTION
control field 20250902012920.0
008 - FIXED-LENGTH DATA ELEMENTS--GENERAL INFORMATION
fixed length control field 021021s2002 nyu e 000 1 eng d
020 ## - INTERNATIONAL STANDARD BOOK NUMBER
International Standard Book Number 044661209X
Qualifying information (pbk.)
040 ## - CATALOGING SOURCE
Original cataloging agency ZAB
Transcribing agency ZAB
Modifying agency MVP
100 1# - MAIN ENTRY--PERSONAL NAME
Personal name Garlock, Dorothy.
Authority record control number http://id.loc.gov/authorities/names/n87101916.
245 10 - TITLE STATEMENT
Title High on a hill /
Statement of responsibility, etc. Dorothy Garlock.
250 ## - EDITION STATEMENT
Edition statement Warner Books ed.
264 #1 - PRODUCTION, PUBLICATION, DISTRIBUTION, MANUFACTURE, AND COPYRIGHT NOTICE
Place of production, publication, distribution, manufacture New York :
Name of producer, publisher, distributor, manufacturer Warner Books,
Date of production, publication, distribution, manufacture, or copyright notice [2002]
264 #4 - PRODUCTION, PUBLICATION, DISTRIBUTION, MANUFACTURE, AND COPYRIGHT NOTICE
Date of production, publication, distribution, manufacture, or copyright notice ℗♭2002.
300 ## - PHYSICAL DESCRIPTION
Extent 386, 17 pages ;
Dimensions 18 cm.
336 ## - CONTENT TYPE
Content type term text
Content type code txt
Source rdacontent.
337 ## - MEDIA TYPE
Media type term unmediated
Media type code n
Source rdamedia.
338 ## - CARRIER TYPE
Carrier type term volume
Carrier type code nc
Source rdacarrier.
650 #0 - SUBJECT ADDED ENTRY--TOPICAL TERM
Topical term or geographic name as entry element Fathers and daughters
Form subdivision Fiction.
Authority record control number http://id.loc.gov/authorities/subjects/sh2008103515.
650 #0 - SUBJECT ADDED ENTRY--TOPICAL TERM
Topical term or geographic name as entry element Runaway teenagers
Form subdivision Fiction.
Authority record control number http://id.loc.gov/authorities/subjects/sh2008110463.
650 #0 - SUBJECT ADDED ENTRY--TOPICAL TERM
Topical term or geographic name as entry element Prohibition
Form subdivision Fiction.
Authority record control number http://id.loc.gov/authorities/subjects/sh2010108613.
650 #0 - SUBJECT ADDED ENTRY--TOPICAL TERM
Topical term or geographic name as entry element Smuggling
Form subdivision Fiction.
Authority record control number http://id.loc.gov/authorities/subjects/sh2008111403.
651 #0 - SUBJECT ADDED ENTRY--GEOGRAPHIC NAME
Geographic name Missouri
Form subdivision Fiction.
Authority record control number http://id.loc.gov/authorities/subjects/sh2008107219.
655 #7 - INDEX TERM--GENRE/FORM
Genre/form data or focus term Historical fiction.
Source of term lcgft
Authority record control number http://id.loc.gov/authorities/genreForms/gf2014026370.
655 #7 - INDEX TERM--GENRE/FORM
Genre/form data or focus term Domestic fiction.
Source of term lcgft
Authority record control number http://id.loc.gov/authorities/genreForms/gf2014026295.
655 #7 - INDEX TERM--GENRE/FORM
Genre/form data or focus term Romance fiction.
Source of term lcgft
Authority record control number http://id.loc.gov/authorities/genreForms/gf2014026516.
655 #7 - INDEX TERM--GENRE/FORM
Genre/form data or focus term Fiction.
Source of term lcgft
Authority record control number http://id.loc.gov/authorities/genreForms/gf2014026339.
942 ## - ADDED ENTRY ELEMENTS (KOHA)
Koha item type Libro/Book
Holdings
Withdrawn status Lost status Damaged status Not for loan Home library Current library Date acquired Total Checkouts Full call number Barcode Date last seen Price effective from Koha item type
        San Juan Del Sur -- Biblioteca San Juan Del Sur -- Biblioteca 02/09/2025   F 30023312 02/09/2025 02/09/2025 Libro/Book

Powered by Koha